00289nam a2200121Ia 4500008004100000082001900041100001500060245003700075250000800112260002300120300000800143650001600151191201s2005 xx 000 0 und d a621.38833bDHT aDHAKE, A M 0aTelevision and Video Engineering a2nd aN.DelhibTMHc2005 a646 aB.Tech(ECE)